[Event "AUTO-OPEN-357"]
[Site "http://www.queenalice.com/game.php?id=95608"]
[Date "2006.8.14"]
[Round "1"]
[White "ncmayang"]
[Black "Ewaldinho"]
[Result "0-1"]
[WhiteElo "1538"]
[BlackElo "2119"]

1. e4 e5 2. d3 Nf6 3. h4 d5 4. Nc3 Bb4 5. Bd2 d4 6. Nb5 Bxd2+ 7. Qxd2 Nc6 8. Nf3
O-O 9. Ng5 Ng4 10. f3 Ne3 11. c3 h6 12. cxd4 Nxd4 13. Nxd4 exd4 14. Nh3 Qxh4+
15. Ke2 Be6 16. Qb4 Nc2 17. Qxb7 Nxa1 18. Qxc7 Rac8 19. Qd6 Nc2 20. g3 Qd8 21.
Qf4 Ne3 22. Kf2 Qa5 23. Be2 Bxh3 24. Rxh3 Rc6 25. g4 Qd2 26. g5 Nd1+ 27. Kg3
Qe1+ 28. Kg4 Nf2+ 29. Kg3 Qg1+ 30. Kh4 Nxh3 31. Kxh3 Qh1+ 32. Qh2 Qxh2+ 33. Kxh2
Rc2 34. Kg3 Rxe2 35. gxh6 gxh6 36. Kg4 Kg7 37. b4 Kg6 38. f4 h5+ 39. Kf3 Rxa2
40. f5+ Kg5 41. Kg3 Ra3 42. f6 Rxd3+ 43. Kf2 Rc8 44. Ke2 Rh3 45. Kd2 Rcc3 46. e5
Rh2+ 47. Kd1 Rg3 0-1

[Event "AUTO-OPEN-357"]
[Site "http://www.queenalice.com/game.php?id=95627"]
[Date "2006.8.14"]
[Round "1"]
[White "ncmayang"]
[Black "Garry"]
[Result "1-0"]
[WhiteElo "1520"]
[BlackElo "1030"]

1. e4 e5 2. Nf3 Nc6 3. d4 exd4 4. Nxd4 Nxd4 5. Qxd4 c5 6. Qd5 Nf6 7. Qd3 Be7 8.
Qg3 g6 9. Bc4 Nxe4 10. Qe5 Nf6 11. Bg5 O-O 12. O-O d5 13. Bb5 a6 14. Bd3 c4 15.
Be2 1-0

[Event "AUTO-OPEN-357"]
[Site "http://www.queenalice.com/game.php?id=95628"]
[Date "2006.8.14"]
[Round "1"]
[White "Garry"]
[Black "ncmayang"]
[Result "0-1"]
[WhiteElo "1032"]
[BlackElo "1518"]

1. e4 e5 2. Nf3 f6 3. Bc4 Ne7 4. O-O Nec6 5. d4 Bd6 6. d5 Ne7 7. h3 c6 8. Nc3 b5
9. dxc6 Nexc6 10. Nxb5 Qe7 11. Nxd6+ Kd8 12. Nf7+ Kc7 13. Nxh8 Ba6 14. Bxa6 Nxa6
15. Be3 Rxh8 0-1

[Event "Challenge"]
[Site "http://www.queenalice.com/game.php?id=95747"]
[Date "2006.8.14"]
[Round "-"]
[White "ncmayang"]
[Black "Viper_SB"]
[Result "0-1"]
[WhiteElo "1545"]
[BlackElo "1680"]

1. e4 e5 2. Qf3 d6 3. Bc4 Be6 4. Bxe6 fxe6 5. Nh3 Be7 6. Nc3 g6 7. Nb5 Nc6 8.
Qc3 a6 9. Na3 Qd7 10. d3 O-O-O 11. Nb1 Bf6 12. Bg5 Bxg5 13. Nxg5 Nf6 14. Qc4 h6
15. Qxe6 hxg5 16. Qxf6 Nd4 17. Na3 Rhf8 18. Qxg6 g4 19. c3 Nc6 20. O-O Rg8 21.
Qf6 g3 22. fxg3 Kb8 23. Rad1 Rgf8 24. Qh6 Rxf1+ 25. Rxf1 Ne7 26. Rf7 Re8 27. b4
Qg4 28. Rf8 Rc8 29. Qh8 Qd1+ 30. Kf2 Qd2+ 31. Kf3 Qxd3+ 32. Kg4 Qxe4+ 33. Kh3 b5
34. Rxc8+ Nxc8 35. Qd8 Qh7+ 36. Kg4 e4 37. Qf8 e3 38. Kf3 Qd3 39. Qf4 e2+ 40.
Kg4 e1=Q 41. Kh3 Qe6+ 42. Qg4 Qh7# 0-1

[Event "Challenge"]
[Site "http://www.queenalice.com/game.php?id=95748"]
[Date "2006.8.14"]
[Round "-"]
[White "ncmayang"]
[Black "Viper_SB"]
[Result "0-1"]
[WhiteElo "1489"]
[BlackElo "1634"]

1. e4 e5 2. Nf3 d6 3. Bb5+ Bd7 4. Bxd7+ Nxd7 5. c4 Be7 6. b3 Ngf6 7. Ng5 Nc5 8.
Qc2 h6 9. b4 Ncd7 10. Nf3 O-O 11. h4 c5 12. b5 Nb6 13. d3 a6 14. h5 axb5 15.
cxb5 Na4 16. Be3 b6 17. Nc3 Nxc3 18. Qxc3 Ng4 19. Nh2 Nxe3 20. fxe3 Bh4+ 21. Kf1
Qf6+ 22. Nf3 Bg5 23. Ke2 Rad8 24. a4 d5 25. Qxe5 dxe4 26. Qxe4 Qb2+ 27. Nd2 Rde8
28. Rab1 Qc3 29. Rhc1 Rxe4 30. Rxc3 Rxe3+ 31. Kd1 Rg3 32. Nc4 Rb8 33. a5 Bf6 34.
Rc2 Rxd3+ 35. Rd2 Rg3 36. axb6 Rg4 37. Ne3 Rb4 38. Rxb4 cxb4 39. Rd3 Rxb6 40.
Nd5 Rxb5 41. Kc1 b3 42. Kb1 b2 43. Nxf6+ gxf6 44. Rd8+ Kg7 45. g4 f5 46. Rd4 Kf6
47. gxf5 Kxf5 48. Rd2 Kg5 49. Rg2+ Kxh5 50. Rf2 Kg6 51. Rxb2 Rxb2+ 52. Kxb2 f5
53. Kc2 Kg5 54. Kd2 Kf4 55. Ke2 Kg3 56. Kf1 f4 0-1

[Event "Challenge"]
[Site "http://www.queenalice.com/game.php?id=95749"]
[Date "2006.8.14"]
[Round "-"]
[White "ncmayang"]
[Black "Danado"]
[Result "0-1"]
[WhiteElo "1522"]
[BlackElo "1470"]

1. e4 e5 2. Nf3 Nc6 3. Nc3 Nf6 4. Bc4 Bb4 5. Ng5 d5 6. Nxd5 Nxd5 7. Bxd5 Qxg5 8.
Qf3 f6 9. c3 Ba5 10. Bxc6+ bxc6 11. d4 Qg4 12. Qxg4 Bxg4 13. dxe5 Rd8 14. f3 Be6
15. O-O f5 16. exf5 Bxf5 17. Bg5 Rd7 18. Rae1 Be6 19. b4 Bb6+ 20. Kh1 h6 21. Bh4
Bc4 22. e6 Rd6 23. Bg3 Bxf1 24. Bxd6 cxd6 25. Rxf1 Ke7 26. Re1 Rf8 27. h4 c5 28.
b5 Ba5 29. Rc1 Kxe6 30. a4 Rf4 31. Re1+ Kd7 32. Re3 Rxh4+ 33. Kg1 Rxa4 34. g4
Ra3 35. Kg2 Rb3 36. Kh3 Rxc3 37. Rxc3 Bxc3 38. Kh4 g6 39. f4 Bd2 40. g5 Bxf4 41.
gxh6 Bxh6 42. Kg4 c4 43. Kf3 c3 44. b6 axb6 45. Ke2 c2 46. Kf3 c1=Q 47. Ke4 Qc4+
48. Kf3 Qd4 49. Ke2 Qc3 50. Kf2 Qe3+ 51. Kg2 Bf4 52. Kf1 Qd2 53. Kg1 Qe2 54. Kh1
Qh2# 0-1

[Event "Challenge"]
[Site "http://www.queenalice.com/game.php?id=96901"]
[Date "2006.8.18"]
[Round "-"]
[White "ncmayang"]
[Black "Marcelo_Araujo"]
[Result "1-0"]
[WhiteElo "1544"]
[BlackElo "1633"]

1. d4 Nf6 2. d5 d6 3. c4 Nbd7 4. Bg5 e6 5. Bxf6 Qxf6 6. Nf3 Qxb2 7. Nbd2 exd5 8.
cxd5 Be7 9. Nc4 Qf6 10. e4 Ne5 11. Ncxe5 dxe5 12. Bb5+ Bd7 13. Qa4 c6 14. dxc6
Bxc6 15. Rc1 O-O 16. Bxc6 bxc6 17. Rxc6 Qf4 18. O-O h6 19. Rd1 g5 20. Rxh6 g4
21. Qc6 gxf3 22. g3 Qxe4 23. Qxe4 f5 24. Qxe5 Bf6 25. Qxf5 Rf7 26. Rxf6 Rxf6 27.
Qxf6 Rb8 28. Qxf3 Kg7 29. Rd7+ Kg6 30. Rf7 Rb1+ 31. Kg2 a5 32. Qf5+ Kh6 33. Qh7+
Kg5 34. Qg8+ Kh5 35. Rh7# 1-0

[Event "Challenge"]
[Site "http://www.queenalice.com/game.php?id=97862"]
[Date "2006.8.20"]
[Round "-"]
[White "pierj"]
[Black "ncmayang"]
[Result "0-1"]
[WhiteElo "1480"]
[BlackElo "1535"]

1. e4 d6 2. d4 Nf6 3. Nc3 Bg4 4. Nf3 Bxf3 5. gxf3 g6 6. d5 h5 7. Bb5+ c6 8. dxc6
bxc6 9. Ba4 Qa5 10. Bd2 Qc5 11. Rg1 Bg7 12. Rg5 Qb6 13. Rg2 O-O 14. Bg5 Nbd7 15.
Bb3 Ne5 16. Be3 Qb4 17. Bd2 Nc4 18. Nd5 Qc5 19. Nxf6+ Bxf6 20. Bxc4 Qxc4 21. c3
a5 22. Bh6 Bg7 23. Qd2 Bxh6 24. Qc2 a4 25. a3 Rab8 26. e5 dxe5 27. Rd1 Qa2 28.
Ke2 Rxb2 29. Qd2 Rxd2+ 30. Rxd2 Qxd2+ 31. Kf1 Qd1# 0-1

[Event "Challenge"]
[Site "http://www.queenalice.com/game.php?id=98358"]
[Date "2006.8.22"]
[Round "-"]
[White "rojen12"]
[Black "ncmayang"]
[Result "0-1"]
[WhiteElo "1716"]
[BlackElo "1536"]

1. d4 d5 2. e3 Nc6 3. c3 e5 4. f3 Nh6 5. g3 Qf6 6. Bg2 Nf5 7. Bh3 exd4 8. Bxf5
Bxf5 9. Ne2 Qg6 10. Bd2 Bxb1 11. Rxb1 Ne5 12. O-O Qh5 13. Qa4+ c6 14. Qxd4 Nxf3+
15. Kg2 Nxd4 16. Nxd4 Bd6 17. Nf5 Be5 18. b4 Qe2+ 19. Rf2 Qd3 20. Rbf1 g6 21.
Nh6 f5 22. e4 dxe4 23. Bf4 Bxf4 24. gxf4 Qxc3 25. Rb1 Qg7 26. Nxf5 gxf5+ 27. Kf1
Qg4 28. Rb3 Rg8 29. Rg3 Qd1+ 30. Kg2 Rxg3+ 31. hxg3 e3 32. Rf3 Qe2+ 0-1

[Event "Challenge"]
[Site "http://www.queenalice.com/game.php?id=100519"]
[Date "2006.8.28"]
[Round "-"]
[White "ryan"]
[Black "ncmayang"]
[Result "1-0"]
[WhiteElo "1326"]
[BlackElo "1469"]

1. e4 e5 2. Nf3 Bd6 3. Bc4 Qf6 4. d3 Qg6 5. g3 Bc5 6. Nxe5 Qf6 7. Nf3 h5 8. h4
d6 9. Qe2 Bg4 10. Bf4 Bxf3 11. Qxf3 Qxb2 12. Bg5 f6 13. O-O Qxa1 14. Bd2 Qe5 15.
Bc3 Bd4 16. Bxd4 Qxd4 17. e5 Qxe5 18. Qxb7 Nd7 19. Qxa8+ Ke7 20. Qc6 Qc5 21.
Re1+ Ne5 22. Qxc5 1-0

[Event "Challenge"]
[Site "http://www.queenalice.com/game.php?id=100981"]
[Date "2006.8.30"]
[Round "-"]
[White "peace"]
[Black "ncmayang"]
[Result "1-0"]
[WhiteElo "1684"]
[BlackElo "1544"]

1. e4 d5 2. e5 Nc6 3. Nf3 g6 4. d4 Bh6 5. Bxh6 Nxh6 6. Qd2 Nf5 7. Nc3 a5 8. Bb5
Bd7 9. Nxd5 Na7 10. Bxd7+ Qxd7 11. Qxa5 b6 12. Nxb6 cxb6 13. Qxb6 Rb8 14. Qxb8+
Nc8 15. c4 O-O 16. d5 Ncd6 17. Qb3 Ne4 18. O-O Qc7 19. Rad1 Rb8 20. Qc2 Nc5 21.
Rfe1 Qa5 22. b3 h5 23. Qd2 Qa3 24. e6 Nd6 25. Ng5 f6 26. Nf7 Nxf7 27. exf7+ Kxf7
28. Qh6 f5 29. Qh7+ Kf6 30. Qxe7# 1-0

[Event "Challenge"]
[Site "http://www.queenalice.com/game.php?id=103815"]
[Date "2006.9.8"]
[Round "-"]
[White "menssor"]
[Black "ncmayang"]
[Result "1-0"]
[WhiteElo "1453"]
[BlackElo "1564"]

1. d4 d5 2. Nc3 c6 3. e4 Nf6 4. e5 Ng8 5. Nf3 Be6 6. Ng5 h6 7. Nxe6 fxe6 8. Qh5+
Kd7 9. Bd3 Kc8 10. f4 Nd7 11. Qf7 h5 12. Bg6 Nh6 13. Qxe6 Kb8 14. Na4 Nb6 15.
Nxb6 Qxb6 16. Be3 Qxb2 17. O-O Qc3 18. Rab1 Qxe3+ 19. Rf2 Qxd4 20. Qd7 Ng4 21.
Qd8# 1-0